Loading...
| Current Events | 1 | 10.00 | 100% | 0% | 0% |
| Fine Arts - Auditory Fine Arts | 2 | 25.00 | 100% | 100% | 50% |
| Fine Arts - Other Fine Arts | 8 | 15.00 | 100% | 38% | 13% |
| Fine Arts - Visual Fine Arts | 6 | 16.67 | 100% | 67% | 0% |
| Geography | 2 | 15.00 | 50% | 50% | 50% |
| History - American History | 5 | 20.00 | 100% | 80% | 20% |
| History - European History | 5 | 22.00 | 100% | 100% | 20% |
| History - Other History | 5 | 18.00 | 100% | 80% | 0% |
| History - World History | 5 | 20.00 | 100% | 80% | 20% |
| Literature - American Literature | 8 | 18.75 | 100% | 75% | 13% |
| Literature - British Literature | 7 | 18.57 | 100% | 57% | 29% |
| Literature - European Literature | 6 | 20.00 | 100% | 67% | 33% |
| Literature - World Literature | 6 | 18.33 | 100% | 67% | 17% |
| Mythology | 2 | 5.00 | 50% | 0% | 0% |
| Other Academic | 2 | 30.00 | 100% | 100% | 100% |
| Philosophy | 6 | 28.33 | 100% | 100% | 83% |
| Religion | 6 | 21.67 | 100% | 100% | 17% |
| Science - Biology | 5 | 20.00 | 100% | 80% | 20% |
| Science - Chemistry | 4 | 17.50 | 100% | 75% | 0% |
| Science - Other Science | 4 | 17.50 | 100% | 50% | 25% |
| Science - Physics | 7 | 17.14 | 100% | 57% | 14% |
| Social Science | 7 | 17.14 | 100% | 71% | 0% |